[Event "LTU-chT"]
[Site "Lithuania"]
[Date "2025.01.25"]
[Round "3.24"]
[White "Kersys, Zygimantas"]
[Black "Povilaitis, Tomas"]
[Result "0-1"]
[WhiteElo "1521"]
[BlackElo "2140"]
[PlyCount "88"]
[EventDate "2025.01.24"]
[EventType "team-swiss"]
[EventRounds "7"]
[EventCountry "LTU"]
[SourceTitle "CB14_2025"]
[SourceDate "2024.11.01"]
[SourceVersion "1"]
[SourceVersionDate "2024.11.01"]
[SourceQuality "1"]
[WhiteTeam "Vilnius Sachmatu Erdves"]
[BlackTeam "Vilnius MRU"]
[WhiteTeamCountry "LTU"]
[BlackTeamCountry "LTU"]

1. d4 d5 2. c4 e6 3. Nf3 Nf6 4. Nc3 Be7 5. Bg5 0-0 6. e3 h6 7. Bh4 b6 8. cxd5 Nxd5 9. Bxe7 Qxe7 10. Nxd5 exd5 11. Bd3 c5 12. Rc1 Nd7 13. 0-0 Nf6 14. Ne5 Be6 15. Re1 Qd6 16. Qf3 Rac8 17. b3 Rfd8 18. Bb1 b5 19. Qe2 c4 20. Rc2 Bf5 21. Rb2 Bxb1 22. Rexb1 Ne4 23. Rc2 f6 24. Nf3 Qb4 25. Rbc1 a5 26. Ne1 a4 27. bxc4 bxc4 28. Qd1 Qa3 29. f3 Qxe3+ 30. Kf1 Nd6 31. Rc3 Qg5 32. Qxa4 Qh4 33. Qa6 Qxh2 34. Nd3 Qh1+ 35. Kf2 Qh4+ 36. Kf1 Ra8 37. Qb6 cxd3 38. Rxd3 Qh1+ 39. Kf2 Qxc1 40. Rb3 Rxa2+ 41. Kg3 Qg5+ 42. Kh3 Qxg2+ 43. Kh4 Nf5+ 44. Kh5 g6# 0-1

[Event "Riga Tech op-A"]
[Site "Riga"]
[Date "2023.08.07"]
[Round "1"]
[White "Jobava, Baadur"]
[Black "Povilaitis, Tomas"]
[Result "1-0"]
[WhiteElo "2574"]
[BlackElo "2074"]
[PlyCount "117"]
[EventDate "2023.08.07"]
[EventType "swiss"]
[EventRounds "9"]
[EventCountry "LAT"]
[SourceTitle "CBM 215 Extra"]
[Source "ChessBase"]
[SourceDate "2023.09.30"]
[SourceVersion "1"]
[SourceVersionDate "2023.09.30"]
[SourceQuality "1"]

1. d4 d5 2. c4 e6 3. Nc3 Nf6 4. Bf4 Be7 5. e3 0-0 6. a3 b6 7. Nb5 Na6 8. Nf3 Bb7 9. Rc1 c6 10. Nc3 c5 11. cxd5 Nxd5 12. Nxd5 Qxd5 13. Bc4 Qc6 14. Qe2 Nc7 15. 0-0 Nd5 16. Be5 Nf6 17. h3 Rac8 18. Ba6 Qe4 19. dxc5 Rxc5 20. Rxc5 bxc5 21. Rd1 Rd8 22. Rxd8+ Bxd8 23. Bxf6 gxf6 24. Bxb7 Qxb7 25. Qc2 Qd5 26. e4 Qd6 27. g3 Bb6 28. Kg2 Kg7 29. Nd2 Qd4 30. Nc4 Bc7 31. b3 Be5 32. a4 Kf8 33. h4 Qa1 34. Na5 Bd4 35. Nc6 e5 36. Qd2 Kg7 37. Qe2 f5 38. exf5 Qc1 39. Nxe5 Qc3 40. Nd7 h6 41. Qg4+ Kh7 42. f6 Bxf6 43. Qf5+ Kg7 44. Qxf6+ Qxf6 45. Nxf6 Kxf6 46. Kf3 Ke5 47. Ke3 h5 48. Kd3 f5 49. a5 Kd5 50. a6 Kc6 51. Ke3 Kb5 52. f3 Kb4 53. g4 fxg4 54. fxg4 Kxb3 55. g5 c4 56. g6 c3 57. g7 c2 58. g8Q+ Kb2 59. Qb8+ 1-0

[Event "Riga Tech Rapid op"]
[Site "Riga"]
[Date "2023.08.06"]
[Round "2"]
[White "Amar, Elham"]
[Black "Povilaitis, Tomas"]
[Result "1-0"]
[WhiteElo "2523"]
[BlackElo "2074"]
[PlyCount "93"]
[EventDate "2023.08.06"]
[EventType "swiss (rapid)"]
[EventRounds "9"]
[EventCountry "LAT"]
[SourceTitle "CBM 215 Extra"]
[Source "ChessBase"]
[SourceDate "2023.09.30"]
[SourceVersion "1"]
[SourceVersionDate "2023.09.30"]
[SourceQuality "1"]

1. e4 c5 2. Nf3 Nc6 3. Nc3 e5 4. Bc4 g6 5. 0-0 Bg7 6. d3 h6 7. Nd5 Nge7 8. c3 Na5 9. Nxe7 Qxe7 10. Bd5 0-0 11. b4 cxb4 12. cxb4 Nc6 13. b5 Nd4 14. Nxd4 exd4 15. f4 d6 16. f5 Kh7 17. Qf3 Qf6 18. Bd2 Bd7 19. Bxb7 Rab8 20. Bc6 Bxc6 21. bxc6 Rb2 22. fxg6+ Qxg6 23. Bf4 f5 24. exf5 Rxf5 25. Qg3 Rc2 26. Qxg6+ Kxg6 27. Rac1 Rc3 28. Bd2 Rfc5 29. Bxc3 dxc3 30. Rf4 Rxc6 31. Kf2 d5 32. Rg4+ Kh7 33. d4 Bf8 34. Rc2 Ba3 35. Ke2 Bb2 36. Rg3 Ra6 37. Re3 Ra4 38. Re7+ Kg6 39. Re6+ Kg7 40. Kd3 Rxa2 41. Rd6 a5 42. Re2 Ra1 43. Re7+ Kf8 44. Ra7 Rd1+ 45. Ke2 Rd2+ 46. Ke3 Ke8 47. Rb6 1-0

[Event "Viljandi Raud Memorial 57th"]
[Site "Viljandi"]
[Date "2023.07.08"]
[Round "8"]
[White "Povilaitis, Tomas"]
[Black "Blokhin, Sofia"]
[Result "1-0"]
[WhiteElo "2021"]
[BlackElo "2062"]
[PlyCount "99"]
[EventDate "2023.07.02"]
[EventType "swiss"]
[EventRounds "9"]
[EventCountry "EST"]
[SourceTitle "CBM 215 Extra"]
[Source "ChessBase"]
[SourceDate "2023.09.30"]
[SourceVersion "1"]
[SourceVersionDate "2023.09.30"]
[SourceQuality "1"]

1. e4 c5 2. Nf3 e6 3. Nc3 a6 4. g3 Nc6 5. Bg2 g6 6. d4 cxd4 7. Nxd4 Bg7 8. Be3 Ne5 9. 0-0 Nc4 10. Bc1 Qb6 11. Nb3 Ne7 12. Qe2 Qc7 13. a4 d6 14. Rd1 0-0 15. Bf1 Ne5 16. a5 f5 17. Bg2 fxe4 18. Nxe4 Nf5 19. Bf4 Nf7 20. c4 e5 21. Be3 Nxe3 22. Qxe3 Be6 23. Nbd2 Rac8 24. b3 Qe7 25. Nc3 Nh6 26. Nde4 Nf5 27. Qg5 Qd7 28. Nd5 Bxd5 29. Rxd5 Rc6 30. Rad1 Nd4 31. c5 Qf7 32. cxd6 Kh8 33. Rxe5 Nf3+ 34. Bxf3 Qxf3 35. Re1 h6 36. Qxg6 Bxe5 37. Qxh6+ Kg8 38. Qe6+ Qf7 39. Qxe5 Rcc8 40. Qg5+ Qg7 41. Qxg7+ Kxg7 42. Rd1 Rfd8 43. b4 Rc6 44. d7 b6 45. Nd6 Rxd7 46. Nf5+ Kf6 47. Rxd7 Kxf5 48. axb6 Rxb6 49. Rd4 Ke5 50. Rf4 1-0

[Event "Viljandi Raud Memorial 57th"]
[Site "Viljandi"]
[Date "2023.07.05"]
[Round "5"]
[White "Krivenko, Dion"]
[Black "Povilaitis, Tomas"]
[Result "1-0"]
[WhiteElo "2250"]
[BlackElo "2021"]
[PlyCount "97"]
[EventDate "2023.07.02"]
[EventType "swiss"]
[EventRounds "9"]
[EventCountry "EST"]
[SourceTitle "CBM 215 Extra"]
[Source "ChessBase"]
[SourceDate "2023.09.30"]
[SourceVersion "1"]
[SourceVersionDate "2023.09.30"]
[SourceQuality "1"]

1. e4 c5 2. Nf3 Nc6 3. Bb5 d6 4. d4 cxd4 5. Qxd4 Bd7 6. Bxc6 Bxc6 7. Nc3 Nf6 8. Bg5 e6 9. 0-0-0 Be7 10. Qd3 h6 11. Bxf6 Bxf6 12. Nd4 0-0 13. f4 Qa5 14. h4 Rad8 15. g4 Bxd4 16. Qxd4 e5 17. Qe3 exf4 18. Qxf4 d5 19. exd5 Bd7 20. Kb1 b5 21. h5 b4 22. Ne2 Bc8 23. g5 Rxd5 24. gxh6 Rf5 25. Qd4 Qe5 26. hxg7 Kxg7 27. h6+ Kh7 28. Qxb4 Re8 29. Nc1 Qe4 30. Qc3 Qe5 31. Qc6 Qe4 32. Qc7 Qe7 33. Qg3 Rg5 34. Qh4 Rg4 35. Qf2 Be6 36. Rdg1 Reg8 37. Rxg4 Rxg4 38. Nd3 Rg6 39. b3 a5 40. Nf4 Qf6 41. Qh2 Rg5 42. Nxe6 Qxe6 43. Qd2 Rd5 44. Qg2 Qe5 45. Rg1 Rd8 46. Qg7+ Qxg7 47. Rxg7+ Kxh6 48. Rxf7 Kg6 49. Rf2 1-0

[Event "Viljandi Raud Memorial 57th"]
[Site "Viljandi"]
[Date "2023.07.04"]
[Round "4"]
[White "Povilaitis, Tomas"]
[Black "Lauk, Ular"]
[Result "1-0"]
[WhiteElo "2021"]
[BlackElo "2369"]
[PlyCount "81"]
[EventDate "2023.07.02"]
[EventType "swiss"]
[EventRounds "9"]
[EventCountry "EST"]
[SourceTitle "CBM 215 Extra"]
[Source "ChessBase"]
[SourceDate "2023.09.30"]
[SourceVersion "1"]
[SourceVersionDate "2023.09.30"]
[SourceQuality "1"]

1. e4 e5 2. Nf3 Nf6 3. Nxe5 d6 4. Nf3 Nxe4 5. Nc3 Nxc3 6. dxc3 Be7 7. Be3 Nd7 8. Qd2 Nf6 9. Bd3 d5 10. 0-0-0 c5 11. c4 d4 12. Bf4 0-0 13. Kb1 Re8 14. Rde1 a6 15. c3 b5 16. cxd4 bxc4 17. Bxc4 Bf5+ 18. Ka1 Ne4 19. Qe3 Bf6 20. Qb3 Ra7 21. Ne5 Bxe5 22. dxe5 Nxf2 23. Rhf1 Nd3 24. Rd1 Rd7 25. g4 Bg6 26. e6 fxe6 27. Bg5 Qc7 28. Bxd3 Rxd3 29. Rxd3 c4 30. Rc3 Qa5 31. Rxc4 Qxg5 32. Rc7 Qxg4 33. Qb7 e5 34. Rxg7+ Kh8 35. Re7 Rd8 36. Qd5 Qd4 37. Qxe5+ Qxe5 38. Rxe5 Kg7 39. h4 Kh6 40. b3 Rd4 41. Rh1 1-0

[Event "Kuressaare EST-LAT-LTU"]
[Site "Kuressaare"]
[Date "2023.06.01"]
[Round "2.5"]
[White "Povilaitis, Tomas"]
[Black "Krivenko, Dion"]
[Result "0-1"]
[WhiteElo "2021"]
[BlackElo "2100"]
[PlyCount "42"]
[EventDate "2023.06.01"]
[EventType "team-tourn"]
[EventRounds "3"]
[EventCountry "EST"]
[SourceTitle "CBM 214 Extra"]
[Source "ChessBase"]
[SourceDate "2023.07.31"]
[SourceVersion "1"]
[SourceVersionDate "2023.07.31"]
[SourceQuality "1"]
[WhiteTeam "Lithuania"]
[BlackTeam "Estonia"]
[WhiteTeamCountry "LTU"]
[BlackTeamCountry "EST"]

1. e4 g6 2. d4 Bg7 3. Nc3 d6 4. f4 Nf6 5. Nf3 c5 6. Bb5+ Bd7 7. Bxd7+ Nbxd7 8. 0-0 0-0 9. d5 b5 10. Qe2 b4 11. Nd1 Nb6 12. c4 bxc3 13. Nxc3 Re8 14. Be3 e6 15. dxe6 Rxe6 16. e5 dxe5 17. Nxe5 Qe7 18. Qf3 Re8 19. Bf2 Nh5 20. Nd3 Bd4 21. Rfe1 Rxe1+ 0-1

[Event "LTU-chT"]
[Site "Lithuania"]
[Date "2023.04.22"]
[Round "6.4"]
[White "Povilaitis, Tomas"]
[Black "Levitsky, Andrey"]
[Result "1/2-1/2"]
[WhiteElo "1945"]
[BlackElo "2318"]
[PlyCount "177"]
[EventDate "2023.03.04"]
[EventType "team"]
[EventRounds "7"]
[EventCountry "LTU"]
[SourceTitle "EXT 2024"]
[Source "ChessBase"]
[SourceDate "2023.10.10"]
[SourceVersion "1"]
[SourceVersionDate "2023.10.10"]
[SourceQuality "1"]
[WhiteTeam "Siauliai Dubysa"]
[BlackTeam "Klaipeda Bokstas"]
[WhiteTeamCountry "LTU"]
[BlackTeamCountry "LTU"]

1. e4 c5 2. Nf3 g6 3. Nc3 Bg7 4. d4 cxd4 5. Nxd4 Nc6 6. Be3 Nf6 7. Be2 0-0 8. 0-0 d6 9. h3 Bd7 10. Kh1 Rc8 11. f4 a6 12. Bf3 b5 13. Nxc6 Bxc6 14. a3 Qc7 15. Qe2 Qb7 16. Bf2 a5 17. Rfd1 b4 18. axb4 axb4 19. Ra7 Qb8 20. Nd5 Bxd5 21. exd5 Rc7 22. Rda1 Rfc8 23. c4 bxc3 24. bxc3 Rxa7 25. Rxa7 Rc7 26. Ra5 Qb1+ 27. Kh2 h5 28. Ra6 Rb7 29. Bd4 Qc1 30. Qe3 Qf1 31. Rb6 Rxb6 32. Bxb6 Bh6 33. g3 h4 34. Bd8 hxg3+ 35. Kxg3 Ne8 36. Bxe7 Ng7 37. Bg4 Bxf4+ 38. Qxf4 Qe1+ 39. Kg2 Qxe7 40. c4 Ne8 41. Kf2 Nf6 42. Kf3 Qe1 43. Qxd6 Qe4+ 44. Kf2 Qc2+ 45. Kf3 Qxc4 46. Qb8+ Kh7 47. d6 Qd3+ 48. Kg2 Qd2+ 49. Kf3 Qd5+ 50. Ke2 Qe5+ 51. Kd3 Ne4 52. Qb4 Nxd6 53. Qd4 Qb5+ 54. Ke3 Qg5+ 55. Kf2 Qh4+ 56. Kg2 Qe7 57. Qd3 Ne4 58. Qe3 Qe5 59. Be2 f5 60. Bd3 Qc5 61. Qxc5 Nxc5 62. Bc2 Kh6 63. Kf3 Kg5 64. h4+ Kf6 65. Kg3 Ne6 66. Ba4 Ng7 67. Kf3 Ke5 68. Bc6 Ne6 69. Bb7 Nd4+ 70. Kg3 Ne2+ 71. Kf3 Nd4+ 72. Kg3 Nb5 73. Kf3 Nc7 74. Bc6 Kd4 75. Bd7 Ke5 76. Bc6 Na6 77. Be8 Kf6 78. Bc6 Nb4 79. Bb7 Kg7 80. Kf4 Kh6 81. Bf3 Nd3+ 82. Ke3 Ne1 83. Bd5 Nc2+ 84. Kf4 Kh5 85. Bf7 Nd4 86. Ke5 Ne2 87. Kf6 f4 88. Bxg6+ Kxh4 89. Be4 1/2-1/2

[Event "LTU-ch sf"]
[Site "Vilnius"]
[Date "2023.04.12"]
[Round "3"]
[White "Pidluznij, Gleb"]
[Black "Povilaitis, Tomas"]
[Result "1/2-1/2"]
[WhiteElo "2259"]
[BlackElo "1939"]
[PlyCount "86"]
[EventDate "2023.04.11"]
[EventType "swiss"]
[EventRounds "9"]
[EventCountry "LTU"]
[SourceTitle "CBM 213 Extra"]
[Source "ChessBase"]
[SourceDate "2023.05.31"]
[SourceVersion "1"]
[SourceVersionDate "2023.05.31"]
[SourceQuality "1"]

1. e4 c5 2. Nf3 Nc6 3. d4 cxd4 4. Nxd4 Nf6 5. Nc3 e5 6. Ndb5 d6 7. Bg5 a6 8. Na3 b5 9. Nd5 Be7 10. Bxf6 Bxf6 11. c3 Rb8 12. Nc2 Bg5 13. a4 bxa4 14. Ncb4 Nxb4 15. cxb4 0-0 16. h4 Bh6 17. Rxa4 a5 18. b5 Bd7 19. Nc3 d5 20. Nxd5 Bxb5 21. Bxb5 Rxb5 22. g4 Rxb2 23. g5 Bxg5 24. hxg5 Qxg5 25. Ra3 Rfb8 26. Rg3 Qxg3 27. fxg3 Rb1 28. Ke2 Rxd1 29. Rxd1 h5 30. Ra1 Ra8 31. Ra4 g6 32. Ne3 Kg7 33. Nc4 Kf6 34. Rxa5 Rxa5 35. Nxa5 Kg5 36. Nc4 f5 37. exf5 gxf5 38. Nxe5 f4 39. Nf3+ Kg4 40. gxf4 Kxf4 41. Kf2 h4 42. Nxh4 Kg4 43. Ke3 Kxh4 1/2-1/2

[Event "EU-ch Rapid"]
[Site "Katowice"]
[Date "2022.12.18"]
[Round "9"]
[White "Subelj, Jan"]
[Black "Povilaitis, Tomas"]
[Result "1-0"]
[WhiteElo "2492"]
[BlackElo "2038"]
[PlyCount "67"]
[EventDate "2022.12.17"]
[EventType "swiss (rapid)"]
[EventRounds "11"]
[EventCountry "POL"]
[SourceTitle "CBM 211 Extra"]
[Source "ChessBase"]
[SourceDate "2023.01.31"]
[SourceVersion "1"]
[SourceVersionDate "2023.01.31"]
[SourceQuality "1"]

1. e4 d5 2. exd5 Qxd5 3. Nc3 Qd8 4. d4 Nf6 5. Nf3 Bf5 6. Bc4 e6 7. 0-0 c6 8. Re1 Be7 9. Ne5 0-0 10. g4 Bg6 11. h4 Bb4 12. h5 Bxc3 13. bxc3 Be4 14. g5 Nd5 15. Rxe4 Nxc3 16. Qf3 Nxe4 17. Qxe4 Qe7 18. g6 fxg6 19. hxg6 h6 20. Nf7 Re8 21. Bf4 Nd7 22. Nd6 Nf6 23. Qe5 Ng4 24. Qe2 Qh4 25. Bxe6+ Kh8 26. Nf7+ Kg8 27. Nxh6+ Kh8 28. Nf7+ Kg8 29. Nd6+ Kh8 30. Nxe8 Rxe8 31. Qxg4 Qxg4+ 32. Bxg4 Re4 33. Kg2 Rxf4 34. Be6 1-0

[Event "EU-ch Blitz"]
[Site "Katowice"]
[Date "2022.12.16"]
[Round "14"]
[White "Povilaitis, Tomas"]
[Black "Kacprzak, Karol1"]
[Result "0-1"]
[WhiteElo "2038"]
[BlackElo "2226"]
[PlyCount "114"]
[EventDate "2022.12.16"]
[EventType "swiss (blitz)"]
[EventRounds "22"]
[EventCountry "POL"]
[SourceTitle "CBM 211 Extra"]
[Source "ChessBase"]
[SourceDate "2023.01.31"]
[SourceVersion "1"]
[SourceVersionDate "2023.01.31"]
[SourceQuality "1"]

1. e4 c5 2. Nc3 d6 3. Bb5+ Bd7 4. Bxd7+ Qxd7 5. f4 Nc6 6. Nf3 g6 7. d3 Bg7 8. 0-0 e6 9. Qe1 Nge7 10. Qh4 Nd4 11. Qf2 Nxf3+ 12. Qxf3 f5 13. Be3 0-0 14. Rad1 Nc6 15. Kh1 b6 16. h3 Rae8 17. Rfe1 Rd8 18. Rb1 d5 19. Ne2 fxe4 20. dxe4 Ne5 21. Qg3 Nc4 22. e5 Bh6 23. b3 Nxe3 24. Qxe3 Qe7 25. Rf1 Rf7 26. a4 Rdf8 27. Rf3 Qh4 28. Rbf1 Kh8 29. a5 Qe7 30. axb6 axb6 31. Qf2 Qb7 32. Qh4 Bg7 33. Qg4 Re8 34. h4 Qe7 35. h5 gxh5 36. Qxh5 Rf5 37. Qh2 Rg8 38. Ng3 Rf7 39. Nh5 Rf5 40. g4 Rff8 41. R1f2 Rf7 42. Rh3 Bf8 43. Nf6 Rgg7 44. g5 d4 45. Rg2 Qb7 46. Kg1 Rg6 47. Rh5 b5 48. Rg3 c4 49. Rgh3 Rgg7 50. Rh6 d3 51. g6 dxc2 52. Rxh7+ Rxh7 53. Rxh7+ Rxh7 54. Qxc2 Qh1+ 55. Kf2 Rh2+ 56. Kg3 Qg1+ 57. Kf3 Rxc2 0-1

[Event "EU-ch Blitz"]
[Site "Katowice"]
[Date "2022.12.16"]
[Round "3"]
[White "Povilaitis, Tomas"]
[Black "Yuffa, Daniil"]
[Result "0-1"]
[WhiteElo "2038"]
[BlackElo "2587"]
[PlyCount "107"]
[EventDate "2022.12.16"]
[EventType "swiss (blitz)"]
[EventRounds "22"]
[EventCountry "POL"]
[SourceTitle "CBM 211 Extra"]
[Source "ChessBase"]
[SourceDate "2023.01.31"]
[SourceVersion "1"]
[SourceVersionDate "2023.01.31"]
[SourceQuality "1"]

1. e4 Nf6 2. e5 Nd5 3. c4 Nb6 4. d4 d6 5. exd6 exd6 6. Nc3 Be7 7. h3 0-0 8. Nf3 Be6 9. d5 Bf5 10. Bd3 Bxd3 11. Qxd3 N8d7 12. Be3 Bf6 13. 0-0 a5 14. Rab1 a4 15. Ne4 Re8 16. Nxf6+ Qxf6 17. Bd4 Qg6 18. Qc3 Nc5 19. Bxc5 dxc5 20. b4 axb3 21. axb3 Re4 22. Ra1 Rae8 23. Ra7 Rb8 24. Rd1 h6 25. Qd3 Nc8 26. Raa1 Nd6 27. Ra5 b6 28. Ra7 Rc8 29. Rda1 Kh7 30. Ra8 Rxa8 31. Rxa8 Re7 32. Qxg6+ fxg6 33. Ra7 g5 34. Kf1 Ne4 35. g3 Kg6 36. Ng1 Nd2+ 37. Kg2 Nxb3 38. Nf3 Kf6 39. Ra8 Nd4 40. Nh2 Ke5 41. Ng4+ Kd6 42. Rd8+ Rd7 43. Re8 b5 44. cxb5 Kxd5 45. Ne5 Rd6 46. Nd3 Nxb5 47. Nc1 c4 48. Ne2 c3 49. Re3 Kc4 50. Re4+ Nd4 51. Nc1 c5 52. Re3 c2 53. Ra3 Rb6 54. Ra2 0-1

[Event "EU-ch Blitz"]
[Site "Katowice"]
[Date "2022.12.16"]
[Round "17"]
[White "Walter, Szymon"]
[Black "Povilaitis, Tomas"]
[Result "1-0"]
[WhiteElo "2327"]
[BlackElo "2038"]
[PlyCount "75"]
[EventDate "2022.12.16"]
[EventType "swiss (blitz)"]
[EventRounds "22"]
[EventCountry "POL"]
[SourceTitle "CBM 211 Extra"]
[Source "ChessBase"]
[SourceDate "2023.01.31"]
[SourceVersion "1"]
[SourceVersionDate "2023.01.31"]
[SourceQuality "1"]

1. e4 c5 2. Nc3 Nc6 3. f4 g6 4. Nf3 Bg7 5. Bb5 Nd4 6. 0-0 a6 7. Bc4 e6 8. d3 b5 9. Bb3 Ne7 10. Nxd4 Bxd4+ 11. Kh1 Bb7 12. a4 Qb6 13. axb5 axb5 14. Rxa8+ Bxa8 15. Ne2 Bg7 16. Ng3 d5 17. f5 Be5 18. f6 Bxg3 19. hxg3 Nc8 20. exd5 exd5 21. Qe1+ Kd7 22. Qe5 Qd6 23. Qg5 h6 24. Qg4+ Qe6 25. Qf3 h5 26. Bg5 Nd6 27. Ra1 Qf5 28. Bf4 h4 29. Ra7+ Nb7 30. g4 Qe6 31. Bxd5 Qe1+ 32. Kh2 h3 33. Bc6+ Ke6 34. Bd5+ Kd7 35. gxh3 Qb1 36. Bc6+ Ke6 37. Qd5+ Kxf6 38. Qe5# 1-0

[Event "LTU-ch Rapid"]
[Site "Taujenai"]
[Date "2022.12.04"]
[Round "9"]
[White "Povilaitis, Tomas"]
[Black "Nainys, Zanas1"]
[Result "0-1"]
[WhiteElo "2207"]
[BlackElo "1937"]
[PlyCount "56"]
[EventDate "2022.12.03"]
[EventType "swiss (rapid)"]
[EventRounds "10"]
[EventCountry "LTU"]
[SourceTitle "CBM 211 Extra"]
[Source "ChessBase"]
[SourceDate "2023.01.31"]
[SourceVersion "1"]
[SourceVersionDate "2023.01.31"]
[SourceQuality "1"]

1. e4 c5 2. Nc3 e6 3. Nf3 Nc6 4. Bb5 Nd4 5. Nxd4 cxd4 6. Ne2 Qg5 7. Nxd4 Qc5 8. c3 e5 9. b4 Qb6 10. Qh5 exd4 11. Bc4 Qg6 12. Qe5+ Be7 13. Qxd4 d6 14. Bb5+ Kf8 15. g3 Bh3 16. d3 Qf6 17. Be3 Qxd4 18. Bxd4 Bf6 19. Bxf6 Nxf6 20. f4 Rc8 21. Kd2 Bd7 22. Bc4 Be6 23. Bb5 Bd7 24. Bc4 Nxe4+ 25. dxe4 Rxc4 26. Kd3 Rc7 27. Rad1 Bb5+ 28. Kc2 Ba4+ 0-1

[Event "LTU-ch Rapid"]
[Site "Taujenai"]
[Date "2022.12.03"]
[Round "3"]
[White "Narmontas, Raimondas"]
[Black "Povilaitis, Tomas"]
[Result "0-1"]
[WhiteElo "1987"]
[BlackElo "2207"]
[PlyCount "68"]
[EventDate "2022.12.03"]
[EventType "swiss (rapid)"]
[EventRounds "10"]
[EventCountry "LTU"]
[SourceTitle "CBM 211 Extra"]
[Source "ChessBase"]
[SourceDate "2023.01.31"]
[SourceVersion "1"]
[SourceVersionDate "2023.01.31"]
[SourceQuality "1"]

1. e4 c5 2. Nc3 Nc6 3. Bb5 Nd4 4. Bc4 e6 5. d3 a6 6. Nge2 b5 7. Bb3 Nxe2 8. Qxe2 Bb7 9. 0-0 Ne7 10. f4 d5 11. exd5 exd5 12. a4 c4 13. dxc4 bxc4 14. Ba2 Qb6+ 15. Kh1 Qe6 16. Qf2 Qf5 17. Re1 h5 18. Qb6 Qd7 19. b3 h4 20. h3 Rh6 21. Qd4 cxb3 22. Bxb3 Re6 23. Ba3 Nf5 24. Rxe6+ fxe6 25. Qe5 Bxa3 26. Rxa3 Qd6 27. Qxd6 Nxd6 28. Ra1 Rc8 29. Ne2 Ne4 30. Nd4 Kd7 31. Nf3 Ng3+ 32. Kh2 Ne2 33. Ne5+ Kd6 34. Nd3 Nd4 0-1

[Event "Riga Tech op 11th"]
[Site "Riga"]
[Date "2022.08.21"]
[Round "9"]
[White "Povilaitis, Tomas"]
[Black "Crevatin, Leo"]
[Result "0-1"]
[WhiteElo "2089"]
[BlackElo "2280"]
[PlyCount "40"]
[EventDate "2022.08.15"]
[EventType "swiss"]
[EventRounds "9"]
[EventCountry "LAT"]
[SourceTitle "CBM 209 Extra"]
[Source "ChessBase"]
[SourceDate "2022.09.30"]
[SourceVersion "1"]
[SourceVersionDate "2022.09.30"]
[SourceQuality "1"]

1. e4 c6 2. d4 d5 3. exd5 cxd5 4. Bd3 Nc6 5. c3 Qc7 6. Ne2 e6 7. Bf4 Bd6 8. Bxd6 Qxd6 9. 0-0 Nge7 10. Nd2 0-0 11. Nf3 Bd7 12. Re1 f6 13. Ng3 Be8 14. Qe2 Bf7 15. Rad1 Rfe8 16. Bb1 Ng6 17. h3 Nf4 18. Qe3 Bg6 19. Ne5 fxe5 20. dxe5 Qf8 0-1

[Event "Riga Tech Rapid op"]
[Site "Riga"]
[Date "2022.08.14"]
[Round "2"]
[White "Elmi, Saad Abobaker"]
[Black "Povilaitis, Tomas"]
[Result "1-0"]
[WhiteElo "2110"]
[BlackElo "2089"]
[PlyCount "71"]
[EventDate "2022.08.14"]
[EventType "swiss (rapid)"]
[EventRounds "9"]
[EventCountry "LAT"]
[SourceTitle "CBM 209 Extra"]
[Source "ChessBase"]
[SourceDate "2022.09.30"]
[SourceVersion "1"]
[SourceVersionDate "2022.09.30"]
[SourceQuality "1"]

1. e4 c5 2. Nf3 Nc6 3. Bb5 d6 4. 0-0 Bd7 5. c3 a6 6. Ba4 b5 7. Bc2 c4 8. b3 g6 9. Na3 Bg7 10. Rb1 Na5 11. Qe2 Rc8 12. bxc4 bxc4 13. e5 d5 14. Nd4 e6 15. d3 cxd3 16. Bxd3 Rxc3 17. Bxa6 Ne7 18. Nab5 Rc6 19. Nxc6 Naxc6 20. Nd6+ Kf8 21. f4 h5 22. Ba3 Qa5 23. Qd3 Bh6 24. Rb7 Qd8 25. Bc5 Qa5 26. Bb6 Qxa2 27. Rxd7 Nb4 28. Qb5 Nxa6 29. Bd8 Kg7 30. Bxe7 Rb8 31. Bf6+ Kg8 32. Rd8+ Rxd8 33. Bxd8 Qd2 34. Qe8+ Kh7 35. Qxf7+ Bg7 36. Bf6 1-0

[Event "Baltija Cup 18th"]
[Site "Palanga"]
[Date "2022.06.22"]
[Round "6"]
[White "Povilaitis, Tomas"]
[Black "Plunge, Gintautas Jurgis"]
[Result "1-0"]
[WhiteElo "2000"]
[BlackElo "1849"]
[PlyCount "51"]
[EventDate "2022.06.20"]
[EventType "swiss"]
[EventRounds "7"]
[EventCountry "LTU"]
[SourceTitle "CBM 209 Extra"]
[Source "ChessBase"]
[SourceDate "2022.09.30"]
[SourceVersion "1"]
[SourceVersionDate "2022.09.30"]
[SourceQuality "1"]

1. e4 c5 2. Nc3 Nc6 3. Bb5 g6 4. Bxc6 dxc6 5. f4 Bg7 6. Nf3 Nf6 7. d3 0-0 8. 0-0 b6 9. Qe1 Ba6 10. Qh4 e6 11. f5 Nd7 12. Qh3 exf5 13. exf5 Ne5 14. Bh6 Nxf3+ 15. Rxf3 Bd4+ 16. Kh1 Re8 17. fxg6 hxg6 18. Raf1 Bc8 19. Qg3 Be6 20. Ne4 Qd5 21. Bg5 Be5 22. Qh4 Bg7 23. c4 Qe5 24. Bf6 Bxf6 25. Nxf6+ Kg7 26. Qh7+ 1-0

[Event "LTU-ch sf"]
[Site "Vilnius"]
[Date "2022.04.11"]
[Round "7"]
[White "Povilaitis, Tomas"]
[Black "Novikovas, Anatolijus"]
[Result "1-0"]
[WhiteElo "2130"]
[BlackElo "1675"]
[PlyCount "41"]
[EventDate "2022.04.08"]
[EventType "swiss"]
[EventRounds "9"]
[EventCountry "LTU"]
[SourceTitle "CBM 207 Extra"]
[Source "ChessBase"]
[SourceDate "2022.05.31"]
[SourceVersion "1"]
[SourceVersionDate "2022.05.31"]
[SourceQuality "1"]

1. e4 c6 2. c4 d5 3. exd5 cxd5 4. cxd5 Nf6 5. Qa4+ Nbd7 6. Nc3 g6 7. Nf3 Bg7 8. Bc4 0-0 9. d3 Nc5 10. Qa3 b6 11. Be3 Nfd7 12. 0-0 Nb7 13. Rfe1 Nd6 14. Bd4 f6 15. Ne4 Nb8 16. Nxd6 exd6 17. Nd2 f5 18. Nf3 a6 19. Bxg7 Kxg7 20. Nd4 b5 21. Nxb5 1-0

[Event "LTU-ch sf"]
[Site "Vilnius"]
[Date "2022.04.09"]
[Round "3"]
[White "Povilaitis, Tomas"]
[Black "Zukauskas, Petras"]
[Result "1-0"]
[WhiteElo "2130"]
[BlackElo "1663"]
[PlyCount "103"]
[EventDate "2022.04.08"]
[EventType "swiss"]
[EventRounds "9"]
[EventCountry "LTU"]
[SourceTitle "CBM 207 Extra"]
[Source "ChessBase"]
[SourceDate "2022.05.31"]
[SourceVersion "1"]
[SourceVersionDate "2022.05.31"]
[SourceQuality "1"]

1. e4 c6 2. c4 e6 3. e5 d5 4. exd6 Bxd6 5. d4 b6 6. g3 Bb4+ 7. Nc3 Bb7 8. Bg2 e5 9. dxe5 Qxd1+ 10. Kxd1 Bxc3 11. bxc3 Nd7 12. f4 0-0-0 13. Kc2 Ne7 14. Ne2 c5 15. Bxb7+ Kxb7 16. Be3 Nc6 17. Rad1 Na5 18. Rd3 Nxc4 19. Rhd1 Nxe3+ 20. Rxe3 Nb8 21. Rxd8 Rxd8 22. f5 Nc6 23. Nf4 Re8 24. e6 fxe6 25. Nxe6 Re7 26. g4 Kc8 27. Re4 h6 28. h4 Kd7 29. Re1 Kd6 30. Rd1+ Ke5 31. Nf8 Ke4 32. Ng6 Rc7 33. Rd6 Na5 34. Re6+ Kf3 35. g5 hxg5 36. hxg5 Nc4 37. f6 gxf6 38. gxf6 Rf7 39. Nh8 Rf8 40. f7 Rxh8 41. Re8 Rh2+ 42. Kb3 Na5+ 43. Ka4 Rh4+ 44. Kb5 Rf4 45. f8Q Rxf8 46. Rxf8+ Ke4 47. Rd8 Ke5 48. Rd7 Ke6 49. Rxa7 Kd6 50. Kxb6 Nc4+ 51. Kb5 Ne3 52. Rh7 1-0